Flow through open channels (Record no. 11092)

000 -LEADER
fixed length control field 00492nam a22001937a 4500
001 - CONTROL NUMBER
control field 11092
003 - CONTROL NUMBER IDENTIFIER
control field BD-DhUET
008 - FIXED-LENGTH DATA ELEMENTS--GENERAL INFORMATION
fixed length control field 150214b xxu||||| |||| 00| 0 eng d
040 ## - CATALOGING SOURCE
Original cataloging agency DLC
Transcribing agency DLC
Modifying agency BD-DhUET
082 ## - DEWEY DECIMAL CLASSIFICATION NUMBER
Classification number 627.01
Item number RAJ/1981
100 ## - MAIN ENTRY--PERSONAL NAME
Personal name Raju, K G Ranga
245 ## - TITLE STATEMENT
Title Flow through open channels
250 ## - EDITION STATEMENT
Edition statement Ist ed.
260 ## - PUBLICATION, DISTRIBUTION, ETC. (IMPRINT)
Place of publication, distribution, etc. New Delhi
Name of publisher, distributor, etc. Tata Mcgraw Hill
Date of publication, distribution, etc. 1981
300 ## - PHYSICAL DESCRIPTION
Extent x, 330p.
Other physical details illus.
504 ## - BIBLIOGRAPHY, ETC. NOTE
Bibliography, etc Includes bibliographies
650 #0 - SUBJECT ADDED ENTRY--TOPICAL TERM
Topical term or geographic name as entry element Open channel flow
942 ## - ADDED ENTRY ELEMENTS (KOHA)
Koha item type General Book
Holdings
Price effective from Sublocation or collection (holding branch) Koha normalized classification for sorting Koha item type Copy number Location (home branch) Koha issues (times borrowed) Source of classification or shelving scheme Lost status Koha full call number Damaged status Withdrawn status Date acquired Koha date last borrowed Shelving location Piece designation (barcode) Koha date last seen Not for loan
2015-02-14Central Library, BUET627_010000000000000_RAJ_1981General Book1Central Library, BUET   627.01/RAJ/1981  2015-02-14 Circulation section576072017-05-27 
2015-02-23Central Library, BUET627_010000000000000_RAJ_1981General Book2Central Library, BUET   627.01/RAJ/1981  2015-02-23 Circulation section567142015-02-23 
2015-02-23Central Library, BUET627_010000000000000_RAJ_1981General Book3Central Library, BUET1  627.01/RAJ/1981  2015-02-232018-01-27Circulation section567152018-02-03 
2015-02-23Central Library, BUET627_010000000000000_RAJ_1981General Book4Central Library, BUET1  627.01/RAJ/1981  2015-02-232018-07-17Circulation section776122025-04-22